01200nab a22002657a 4500003000400000005001700004008004100021040000700062100003400069245011700103260004200220300001300262500003600275505023600311505008900547650002000636650002400656650003300680650002700713650001300740650002800753650001600781650002400797773011300821OSt20260225134515.0190506c xxu||||| |||| 00| 0 spa d cPJ aCalderón, Daniela Agostina 13aEl impacto de la IA en las relaciones del trabajo : bproximación al metaverso /cDaniela Agostina Calderón. aBuenos Aires :bAbeledoPerrot,c2025. ap. 25-30 aCita: TR LALEY AR/DOC/536/2025. aSumario: I. Breve síntesis.— II. Introducción al concepto de Inteligencia Artificial.— III. La IA en el derecho del trabajo es una realidad.— IV. Aproximación del metaverso en el derecho del trabajo.— V. Conclusiones. t¿Te interesa el texto completo? Comunicate al correo: koha@justierradelfuego.gov.ar 0aDERECHO LABORAL 0aDERECHO INFORMATICO 0aTECNOLOGIA DE LA INFORMACION 0aCIENCIA Y TECNOLOGÍA 0aPANDEMIA 0aINTELIGENCIA ARTIFICIAL 0aTELETRABAJO 0aCONTRATO DE TRABAJO0 02751dBuenos Aires : AbeledoPerrot, 2013-tRevista de derecho laboral y seguridad social. Nº 8- Abril 2025